Arquitectura y salud : (Registro nro. 2374)
[ vista simple ]
| 000 -LEADER | |
|---|---|
| fixed length control field | 00954nam a2200241Ia 4500 |
| 003 - CONTROL NUMBER IDENTIFIER | |
| control field | PE SENCICO BE |
| 005 - DATE AND TIME OF LATEST TRANSACTION | |
| control field | 20251020182540.0 |
| 008 - FIXED-LENGTH DATA ELEMENTS--GENERAL INFORMATION | |
| fixed length control field | 200515s9999 xx 000 0 und d |
| 020 ## - INTERNATIONAL STANDARD BOOK NUMBER | |
| International Standard Book Number | 978-84-15829-74-4 |
| 040 ## - CATALOGING SOURCE | |
| Original cataloging agency | PE SENCICO BE |
| Transcribing agency | PE SENCICO BE |
| 041 ## - LANGUAGE CODE | |
| Language code of text/sound track or separate title | spa |
| 082 ## - DEWEY DECIMAL CLASSIFICATION NUMBER | |
| Classification number | 720.47 |
| Item number | G26 |
| 100 1# - MAIN ENTRY--PERSONAL NAME | |
| Personal name | Garrido, Luis de |
| Dates associated with a name | 1967- |
| Relator term | autor |
| 245 10 - TITLE STATEMENT | |
| Title | Arquitectura y salud : |
| Remainder of title | metodología de diseño para lograr una arquitectura saludable y ecológica / |
| Statement of responsibility, etc. | Garrido, Luis de |
| 260 ## - PUBLICATION, DISTRIBUTION, ETC. | |
| Place of publication, distribution, etc. | Barcelona: |
| Name of publisher, distributor, etc. | Monsa, |
| Date of publication, distribution, etc. | 2014 |
| 300 ## - PHYSICAL DESCRIPTION | |
| Extent | 143 p.: |
| Other physical details | il.; tbls., |
| Dimensions | 24 cm. |
| 520 ## - SUMMARY, ETC. | |
| Summary, etc. | Describe la estrategia general de diseño para obtener una arquitectura ecológica y saludable, capaz de garantizar el bienestra y la salud de sus ocupantes. |
| 650 14 - SUBJECT ADDED ENTRY--TOPICAL TERM | |
| Topical term or geographic name entry element | ARQUITECTURA SUSTENTABLE |
| 9 (RLIN) | 187 |
| 650 20 - SUBJECT ADDED ENTRY--TOPICAL TERM | |
| Topical term or geographic name entry element | Arquitectura y clima |
| 9 (RLIN) | 188 |
| 650 20 - SUBJECT ADDED ENTRY--TOPICAL TERM | |
| Topical term or geographic name entry element | Arquitectura bioclimática |
| 9 (RLIN) | 189 |
| 942 ## - ADDED ENTRY ELEMENTS (KOHA) | |
| Koha item type | Libros |
| Source of classification or shelving scheme | Dewey Decimal Classification |
| Classification part | 720.47 |
| Item part | G26 |
| Fecha de la última vez que lo usaron | Pago total | Signatura topográfica completa | Código de barras | Precio efectivo desde | Tipo de documento | Estado perdido | Sistema de clasificación | Estado dañado | No es para préstamo | Retirado | Ubicación permanente | Ubicación actual | Fecha de adquisición |
|---|---|---|---|---|---|---|---|---|---|---|---|---|---|
| 15/05/2020 | 720.47/G26 | Bib-Lima15052374 | 15/05/2020 | Libros | Dewey Decimal Classification | Biblioteca Central Lima | Biblioteca Central Lima | 15/05/2020 |